000 00413nam a22001577a 4500
999 _c8018
_d8016
005 20220616140138.0
008 220616b ||||| |||| 00| 0 eng d
020 _a97815-43346-19-0
041 _aeng
100 _aARORA, DR. PRAGI AND ARORA, DR.VARUN
_97308
245 _aCONCISE COURSE IN PHARMACOTHERAPEUTICS
260 _bS.VIKAS AND COMPANY
300 _a140;P
650 _aPHARMACY
_97309
942 _cBK